Quizzes
Events
Quiz Creation
Community
Videos
Private Events
Remove Ads
Sign In
Join for FREE
Feedback
Dark Mode
Quiz Categories
Sports
Geography
Music
Movies
Television
Just For Fun
Miscellaneous
History
Literature
Language
Science
Gaming
Entertainment
Religion
Holiday
For Kids
Quiz Lab
Recent
Popular Today
Quiz Kudos Today
Editor Picks
Curator Picks
Quizzes by...
Day
Popularity
Type
Ratings
Length
Year
Community
Subscriptions
Recent Discussions
Orange Saloon
Badges
Playlists
Quests
Create
Leaderboards
Showdown
Live 5
Trivia Bingo
Activity
Puzzle Library
Sporcle Events
Private Events
Virtual Trivia
Globe League
Become a Host
Pub Owners
SporcleCon
Opinionation
Our Games
Videos
Blog
Mobile Apps
Partnerships
Remove Ads and Go Orange
Feedback
Geography
Country
Landmarks
City
State
Population
World
Capital
Continent
Flags
Europe
Africa
Asia
South America
North America
Oceania
Border
Canada
United Kingdom
Topography
United States
Geography
Country
Landmarks
City
State
Population
World
Capital
Continent
Flags
Europe
Africa
Asia
South America
North America
Oceania
Border
Canada
United Kingdom
Topography
United States
Random Quiz
Search Sporcle
×
Quiz Lab
Quiz Lab
Geography
europa
Type in answers that appear in a list
Type in answers that appear in a list
Classic
Best Score? Go Orange.
Countries of Europe in German Language Stats
Can you name the the countries of europe in only 5minutes?
By
sportfrei
5m
46 Questions
794 Plays
794 Plays
794 Plays
Comments
Comments
Give Quiz Kudos
Give Quiz Kudos
-
- Ratings
hide this ad
Replay
Link that replays current quiz
Next Quiz
Link to next quiz in quiz playlist
You Got
0%
They Got
Avg Score
75%
Avg Friend Score
Upgrade to see
Score Distribution
Jump to the score distribution portion of the page
Score
0/46
Timer
05:00
1
Play Today
% Correct
Deutschland
94.6%
Frankreich
90.1%
Spanien
89%
Portugal
87.8%
Russland
86.3%
Italien
85.9%
Schweden
85.9%
Finnland
85.3%
Österreich
85.1%
Schweiz
84.8%
Norwegen
84.1%
Belgien
83.2%
Vereinigtes Königreich
82.9%
Irland
82.7%
Polen
81.4%
Dänemark
81.2%
Niederlande
80.7%
Albanien
80%
Island
79.8%
Estland
79.1%
Weißrussland
78.5%
Griechenland
78.2%
Lettland
77.6%
% Correct
Luxemburg
77.5%
Kroatien
75.1%
Andorra
74.9%
Ukraine
74.2%
Bosnien und Herzegowina
73%
Serbien
72.3%
Litauen
72%
Türkei
72%
Ungarn
71.8%
Bulgarien
71.4%
Staat Vatikanstadt
71.3%
Tschechien
71%
Liechtenstein
70.3%
Slowenien
70%
Malta
68.5%
Slowakei
68.5%
Monaco
67.3%
Rumänien
65.1%
San Marino
62.2%
Mazedonien
59.3%
Montenegro
56.8%
Moldawien
48.5%
Kasachstan
26.8%
Quiz Playlist
Details
Report
Send in Message
Add To Playlist
Classic:
Type in answers that appear in a list
Last Updated: Feb 16, 2017
Quiz Scoreboard
CHALLENGE
Sign Up to Join the Scoreboard
Show All
Scores
Hide
Comments
May contain spoilers
Recently Published
Billboard Blitz: Fleetwood Mac
by CooCooCachoo
Music
15s
Presidents Visiting Landmarks
by Hejman
History
7m
An Introduction to Baseball
by treessimontrees
Sports
5m
More to Explore
Quiz From the Vault
Featured Blog Post
Where Did the Easter Bunny Come From?
hide this ad
You Might Also Like...
Tags
europa
Today's Top Quizzes in Geography
Browse Geography
hide this ad
Today's Top Quizzes in europa
Browse europa
Top Contributed Quizzes in Geography
1
Countries of the World - No Outlines Minefield
2
Top 25 Cities of France on a map
3
Any capital of a 'B' country per Continent
4
Any capital of a 'C' country per Continent
5
Closest Countries to UK A-Z
6
Any capital of a 'D' country per Continent
7
5-to-1: US Geography No Hints
8
Any capital of an 'E' country per Continent
9
One Thing in Common: United Kingdom
10
Click the Alabama Counties! (Map)
Explore More
Trending Topics
Crossword
Disney
Harry Potter
NBA
Anime
Marvel
Kpop
Song
Puzzle
Country
WWE
Pokémon
The Office
Soccer
NFL
hide this ad
More By:
sportfrei
Quiz
Plays
Rating
Category
Featured
Created
Countries of Europe in German Language
794
1.50
Geography
May 16, 2011
Croatia National Team Squad World Cup 1998
438
1.00
Sports
Jul 2, 2011
Brazil National Team Squad World Cup 1998
426
Sports
Jul 2, 2011
TOP 10 German Beer 2010
322
4.50
Just For Fun
Jan 26, 2012
German National Team Coaches (west Germany)
298
5.00
Sports
Jun 30, 2011
Go to Creator's Profile
Score Distribution
Quiz Creator Spotlight
sportfrei
Follow
Send a Message
Quizzes Created
-
Created Quiz Play Count
-
More By This Creator
Popular Quizzes Today
1
Find the US States - No Outlines Minefield
2
Find the Countries of Europe - No Outlines Minefield
3
The Countries of the World
4
Find the US States
5
Risky Map Clicking: Biggest States A-Z
6
US States
7
Popular People in 1961
8
Movies - When Are They Set?
More Geography Quizzes
Most Populous 8-Letter Cities
Editor's Pick
Trending Quizzes
Risky Map Clicking: Least Populous States A-Z
1-10 Letter G Words
1-10 Letter F Words
Risky Map Clicking: Next State Alphabetically
Click the Washington State Counties! (Map)
Recently Updated
Leaping Animals
pecheneg
Reality TV Shows (A-Z)
bhenderson79
Rickey Henderson's Hall of Fame Teammates
pecheneg
Champions League XIs: Arsenal
pecheneg
Quick Pick: Celebrities in WWE's Hall of Fame
aduchscher
A-Z Keypad Blitz II
pecheneg
Multiple Oscar Actors
pecheneg
Mystery Phrase Blitz: Oscar 'Best Actors'
pecheneg
F. Scott Fitzgerald Novels
LTH
Pick 3 Villains
ddd62291
Trending Topics
Marvel
Anime
Kpop
Harry Potter
Crossword
Disney
NBA
Country
Puzzle
Song
The Office
Soccer
NFL
Pokémon
WWE
Your Account Isn't Verified!
In order to create a playlist on Sporcle, you need to verify the email address you used during registration. Go to your
Sporcle Settings
to finish the process.
Report this User
Report this user for behavior that violates our
Community Guidelines
.
Details:
Send Report
Go to the Sporcle.com Mobile Site →
Comments